Vplyv sociálnych sietí na proces rozhodovania turistov o výbere destinácie diplomová práca

Gespeichert in:
Bibliographische Detailangaben
1. Verfasser: Valeková, Janka
Körperschaft: Obchodná fakulta EU. Katedra cestovného ruchu
Weitere Verfasser: Fodranová, Iveta, 1959-
Format: Buch
Sprache:Slowakisch
Veröffentlicht: Bratislava 2024
Tags: Tag hinzufügen
Keine Tags, Fügen Sie das erste Tag hinzu!

MARC

LEADER 00000nbm a2200000 4500
001 0302086
005 20250122105145.3
041 0 |a slo 
044 |a SK 
245 1 0 |a Vplyv sociálnych sietí na proces rozhodovania turistov o výbere destinácie  |b diplomová práca  |c Janka Valeková ; školiteľ: Iveta Fodranová 
264 1 |a Bratislava  |c 2024 
300 |a 70 s. 
100 1 |a Valeková, Janka 
700 1 |a Fodranová, Iveta, 1959- 
710 2 |a Obchodná fakulta EU. Katedra cestovného ruchu